| 000 | 00462nam a2200169 a 4500 | ||
|---|---|---|---|
| 001 | 000044352 | ||
| 005 | 20201002045319.0 | ||
| 008 | 140624s2009 dr 001 0 spa d | ||
| 040 |
_aDO-SdBNP _bspa _cBNPHU |
||
| 082 |
_axxxxxx _bxxxxxx |
||
| 245 | 0 | 0 | _aMi canto es joven. |
| 250 | _a10a ed. | ||
| 260 |
_aSanto Domingo : _bITESA, _c2009. |
||
| 300 |
_a749 p. ; _c13 cm. |
||
| 500 | _aIncluye índice alfabético | ||
| 710 | 1 | 2 |
_aInstituto Técnico Salesiano _917768 |
| 999 |
_c43841 _d43841 |
||